000 00642nam a2200229 i 4500
001 C2-0288557
003 PPAK
005 20180728021631.0
008 080517s1988 ku a|||| ||||| | ara d
040 _aPPAK
_beng
_cPPAK
_erda
082 0 4 _a490.7
_223
090 0 0 _a490.7
_bMUH
_dKMN
100 0 _aMuhammad al-Rumaihi,
_eauthor
245 1 0 _aal-Arabi
_b357
264 1 _aKuwait :
_bKementerian penerangan Kuwait ,
_c1988
300 _a206 pages :
_bcolour illustrations ;
_c24 cm
336 _2rdacontent
_atext
337 _2rdamedia
_aunmediated
338 _2rdacarrier
_avolume
500 _aTeks dalam bahasa arab
942 _ddc
_cB
999 _c94164
_d94164